000 00430nam a2200193Ia 4500
005 20240823013212.0
008 240823s9999||||xx |||||||||||||| ||und||
020 _a81-7224983-7
041 _aENGLISH
082 _A620.82 P2
100 _aILO
245 0 _aYour Body At Work
250 _a1st
260 _c2002
_b"Jaico,M"
_aMumbai
500 _aTRANSFERED
650 _aWork
_bMechanical
942 _cBK
999 _c166569
_d166569